| 000 | 00791pam a2200205 a 4500 | ||
|---|---|---|---|
| 020 | _a0415070740 : | ||
| 082 | 0 | 0 |
_a711.409 _bURB _cL-37, P-82 |
| 245 | 0 | 0 |
_aUrban landscapes : _binternational perspectives / _cedited by J.W.R. Whitehand and P.J. Larkham. |
| 260 |
_aLondon ; _aNew York : _bRoutledge, _c1992. |
||
| 300 |
_axvii, 333 p. : _bill., maps ; _c23 cm. |
||
| 500 | _aBased on a conference held in Birmingham, England, in July 1990. | ||
| 526 |
_a0 _b0 _c0 _d711_409000000000000_URB |
||
| 650 | 0 |
_aArchitecture _xEnvironmental aspects. _931762 |
|
| 650 | 0 |
_aCity planning _xHistory _924163 |
|
| 650 | 0 |
_aMCE _9379 |
|
| 700 | 1 |
_aLarkham, P. J. _946004 |
|
| 700 | 1 |
_aWhitehand, J. W. R. _946005 |
|
| 856 | 4 | 2 | _uhttp://www.loc.gov/catdir/enhancements/fy0648/92012622-d.html |
| 942 |
_2ddc _cBK |
||
| 999 |
_c549366 _d549366 |
||